One Piece Characters by Picture - Statistics

General Stats
  • This quiz has been taken 188 times
    171 since last reset
  • The average score is 182 of 479
Answer Stats
Picture Answer % Correct
Monkey D Luffy
100%
Portgas D Ace
98%
Buggy
97%
Marco
93%
Nefertari Vivi
93%
Crocodile
87%
Eustass Kid
86%
Koby
82%
Monkey D Garp
82%
Franky
80%
Shanks
79%
Nami
78%
Dracule Mihawk
76%
Marshall D Teach
76%
Smoker
76%
Trafalgar Law
76%
Brook
75%
Gol D Roger
75%
Jewelry Bonney
75%
Yamato
75%
Akainu
74%
Arlong
74%
Usopp
74%
Boa Hancock
73%
Charlotte Cracker
73%
Sengoku
73%
Absalom
71%
Kaku
71%
Kozuki Oden
71%
Laboon
71%
Silvers Rayleigh
71%
Bartholomew Kuma
70%
Carrot
70%
Rob Lucci
70%
Vinsmoke Sanji
70%
Donquixote Doflamingo
69%
Emporio Ivankov
69%
Nico Robin
69%
Perona
69%
Sabo
69%
Tony Tony Chopper
69%
Edward Newgate
68%
Kuro
68%
Bon Clay
67%
Curly Dadan
67%
Foxy
67%
Kaido
67%
Killer
67%
Kizaru
67%
Magellan
67%
Charlotte Pudding
66%
Jinbe
66%
Charlotte Linlin
65%
Monkey D Dragon
65%
Roronoa Zoro
65%
Charlotte Perospero
64%
Karoo
64%
Paulie
64%
Basil Hawkins
63%
Bepo
63%
Black Maria
63%
Enel
63%
Gecko Moria
63%
Scratchmen Apoo
63%
Vegapunk
63%
Cavendish
62%
Bartolomeo
60%
Bellamy
60%
Benn Beckman
60%
Pedro
60%
Lilith
59%
Vinsmoke Reiju
59%
Wapol
59%
Charlotte Katakuri
58%
Clou D Clover
58%
Fujitora
58%
Senor Pink
58%
Zeff
58%
Blueno
57%
Kin'emon
57%
King
57%
Kureha
57%
Kuzan
57%
Leo
57%
Queen
57%
Rebecca
57%
Shirahoshi
57%
X Drake
57%
Don Krieg
56%
Fisher Tiger
56%
King Neptune
56%
Oars
56%
Spandam
56%
Charlotte Smoothie
55%
Koala
55%
Nefertari Cobra
55%
Pell
55%
Tashigi
55%
Brogy
54%
Capone Bege
54%
Dorry
54%
Hatchan
54%
Helmeppo
54%
Iceburg
54%
Kalifa
54%
Kouzuki Momonosuke
54%
Monet
54%
Pica
54%
Portgas D Rouge
54%
Sugar
54%
Vinsmoke Niji
54%
Yasopp
54%
Alvida
53%
Baby5
53%
Imu
53%
Urouge
53%
Vismoke Judge
53%
Caesar Clown
52%
Charlotte Lola
52%
Crocus
52%
Jaguar D Saul
52%
Jesus Burgess
52%
Makino
52%
Morgan
52%
Ryuma
52%
Tom
52%
Caribou
51%
Hogback
51%
Page One
51%
Trebol
51%
Vergo
51%
Who's Who
51%
Camie
49%
Charlotte Oven
49%
Galdino
49%
Jack
49%
Nico Olvia
49%
Rocks D Xebec
49%
Uta
49%
Charlotte Brulee
48%
Diamante
48%
Gin
48%
Hina
48%
Hody Jones
48%
Izo
48%
Mr5
48%
Saint Rosward Charlos
48%
Shiki
48%
Viola
48%
Chew
47%
Daz Bonez
47%
Donquixote Rosinante
47%
Edward Weevil
47%
Kurozumi Tama
47%
Lucky Roux
47%
Miss Valentine
47%
Mr4
47%
Nekomamushi
47%
Saint Jaygarcia Saturn
47%
Ulti
47%
Vinsmoke Yonji
47%
Vista
47%
Aramaki
46%
Charlotte Mont d'Or
46%
Inazuma
46%
Jozu
46%
Kaya
46%
Little Oars Jr
46%
Mont Blanc Noland
46%
Morgans
46%
Shiryu
46%
Duval
45%
Hiriluk
45%
Kurozumi Kanjuro
45%
Miss Doublefinger
45%
Shimotsuki Kuina
45%
Vander Decken IX
45%
Vinsmoke Ichiji
45%
Kozuki Hiyori
44%
Kyros
44%
Merry
44%
Pandaman
44%
Pekoms
44%
Queen Otohime
44%
Shakuyaku
44%
Wyper
44%
Zunesha
44%
Hannyabal
43%
Igaram
43%
Inuarashi
43%
Jabra
43%
Jango
43%
Kurozumi Orochi
43%
Miss Goldenweek
43%
Sentomaru
43%
Tsuru
43%
Dalton
42%
Figarland Shamrock
42%
Gaimon
42%
Kawamatsu
42%
Miss Merry Christmas
42%
Mr9
42%
Raizo
42%
Vinsmoke Sora
42%
Bellmere
41%
Boa Marigold
41%
Boa Sandersonia
41%
Brownbeard
41%
Chouchou
41%
Dellinger
41%
Kouzuki Toki
41%
Laffitte
41%
Nojiko
41%
Pappag
41%
Van Augur
41%
Catarina Devon
40%
Emet
40%
Hajrudin
40%
Kokoro
40%
Lao G
40%
Mont Blanc Cricket
40%
Sai
40%
S-Bear
40%
Scopper Gaban
40%
S-Hawk
40%
S-Snake
40%
Stussy
40%
Doc Q
38%
Gan Fall
38%
Gloriosa
38%
Momonga
38%
Sanjuan Wolf
38%
Tamago
38%
Wanda
38%
York
38%
Buffalo
37%
Ginny
37%
Kong
37%
Mansherry
37%
Penguin
37%
Saint Figarland Garling
37%
Shaka
37%
Shinobu
37%
Ashura Doji
36%
Atlas
36%
Avalo Pizarro
36%
Carmel
36%
Denjiro
36%
Johnny
36%
Thatch
36%
Toko
36%
Conis
35%
Kikunojo
35%
Pearl
35%
Saint Marcus Mars
35%
Saint Topman Warcury
35%
Sasaki
35%
Vasco Shot
35%
Chaka
34%
Charlotte Chiffon
34%
Charlotte Daifuku
34%
Chinjao
34%
Edison
34%
Karasu
34%
Miss Monday
34%
Momoo
34%
S-Shark
34%
T Bone
34%
Chimney
33%
Fullbody
33%
Hack
33%
Kiwi
33%
Mr13
33%
Patty
33%
Pound
33%
Rockstar
33%
Saint Shepherd Ju Peter
33%
Woop Slap
33%
Charlotte Snack
32%
Morley
32%
Pythagoras
32%
Richie
32%
Sadi
32%
Shimotsuki Yasuie
32%
Bogard
31%
Dalmatian
31%
Fukaboshi
31%
Genzo
31%
Gladius
31%
Orlumbus
31%
Chess
30%
Domino
30%
Higuma
30%
Ideo
30%
Jean Bart
30%
Kalgara
30%
Machvise
30%
Saint Ethanbaron V Nusjuro
30%
Aladine
29%
Belo Betty
29%
Charlotte Opera
29%
Demalo Black
29%
Hattori
29%
Kumadori
29%
Marguerite
29%
Riku Doldo III
29%
Stronger
29%
Victoria Cindry
29%
Yosaku
29%
Charlotte Flampe
27%
Charlotte Praline
27%
Koza
27%
Lindbergh
27%
Mohji
27%
Nero
27%
Ohm
27%
Satori
27%
Doll
26%
Gomorrah
26%
Lord of the Coast
26%
Nezumi
26%
Sodom
26%
Yokozuna
26%
Cabaji
25%
Fukuro
25%
Gedatsu
25%
Kuroobi
25%
Mozu
25%
Oimo
25%
Prince Grus
25%
Shyarly
25%
Sterry
25%
Aisa
24%
Bastille
24%
Capone Pez
24%
Charlotte Amande
24%
Charlotte Galette
24%
Donquixote Homing
24%
Elizabello II
24%
Giolla
24%
Nola
24%
Pagaya
24%
Saint Donquixote Mjosgard
24%
Speed
24%
Wadatsumi
24%
Blamenco
23%
Blue Gilly
23%
Bluejam
23%
Funkfreed
23%
Heat
23%
Megalo
23%
Miss Friday
23%
Surume
23%
Boodle
22%
Buchi
22%
Carne
22%
Hyougoro
22%
Pierre
22%
Porchemy
22%
Saldeath
22%
Scarlett
22%
Streusen
22%
Coribou
21%
Hamburg
21%
Hongo
21%
Squard
21%
Wanze
21%
Yorki
21%
Zepo
21%
Bacura
20%
Doberman
20%
Hibari
20%
John Giant
20%
Lassoo
20%
Namur
20%
Peepley Lulu
20%
Porche
20%
Shachi
20%
Zeo
20%
Chocolat
19%
Kashii
19%
Manboshi
19%
Masira
19%
Mocha
19%
Monster
19%
Sarquiss
19%
Sham
19%
Shishilian
19%
Spandine
19%
Tilestone
19%
Gonbe
18%
Kuromarimo
18%
Suleiman
18%
Sweet Pea
18%
Vito
18%
Babanuki
16%
Gerd
16%
Jarul
16%
Limejuice
16%
Ninjin
16%
Ryuboshi
16%
Saint Rosward Rosward
16%
Zambai
16%
Abdullah
15%
Alpha
15%
Jeet
15%
Shura
15%
Strawberry
15%
Tamanegi
15%
Bluegrass
14%
Boo
14%
Cocoa
14%
Gotti
14%
Guernika
14%
Haruta
14%
Hyouzou
14%
Kujaku
14%
Road
14%
Salome
14%
Colon
13%
Daruma
13%
Gatz
13%
Jorul
13%
Kouzuki Sukiyaki
13%
Shoujou
13%
Tsurujo
13%
Wire
13%
Big Pan
12%
Bonk Punch
12%
Curiel
12%
Dosun
12%
Goldberg
12%
Piiman
12%
Shimotsuki Koshiro
12%
Bobbin
11%
Brannew
11%
Daifugo
11%
Fukurokuju
11%
Ikaros Much
11%
Kabu
11%
Onimaru
11%
Shelly
11%
Stansen
11%
Tonjit
11%
Building Snake
10%
Faust
10%
Holed'em
10%
Kingdew
10%
Masked Deuce
10%
Onigumo
10%
Bian
9%
Gismonda
9%
Maha
9%
Aphelandra
8%
Drip
8%
Howling Gab
8%
Saint Rosward Shalria
8%
Speed Jiru
8%
Diez Barrels
7%
Ikkaku
7%
Mounblutain
7%
Rakuyo
7%
Shimotsuki Kozaburo
7%
Turco
7%
Atmos
5%
Blenheim
5%
Fossa
5%
Gambia
5%
Hakugan
5%
Manjaro
5%
Shimotsuki Ushimaru
5%
Gancho
4%
Macro
4%
Nora Gitsune
4%
Uni
4%
Wicca
4%
Motobaro
3%
Yamakaji
3%
Clione
2%
No matching quizzes found
Score Distribution
Percent of People with Each Score
Percentile by Number Answered
Your Score History
You have not taken this quiz since the last reset